Disputationes physiologico-theologicæ : de humanæ generationis oeconomia, de embryologia sacra, de abortu medicali et de embryotomia, de colenda castitate /
Shranjeno v:
| Glavni avtor: | |
|---|---|
| Format: | Knjiga |
| Jezik: | latinščina |
| Teme: | |
| Oznake: |
Brez oznak, prvi označite!
|
MARC
| LEADER | 00000nam^a2200000^a^4500 | ||
|---|---|---|---|
| 001 | 000380819 | ||
| 005 | 20250526000000.0 | ||
| 009 | 20260310120620.044 | ||
| 037 | |a Acervo Xavier Clavigero | ||
| 041 | |a LAT | ||
| 082 | |a 261. 8343 |b ESC | ||
| 100 | |a Eschbach, Alphonse |e (autor) | ||
| 245 | 1 | 0 | |a Disputationes physiologico-theologicæ : |b de humanæ generationis oeconomia, de embryologia sacra, de abortu medicali et de embryotomia, de colenda castitate / |c A. Eschbach. |
| 264 | |a París, Francia : |b Victor Palmé, |c 1884 | ||
| 300 | |a XX, 528 p. ; |c 23.5 cm. | ||
| 336 | |a texto |b txt |2 rdacontenido | ||
| 337 | |a sin mediación |b n |2 rdamedio | ||
| 338 | |a volumen |b nc |2 rdasoporte | ||
| 501 | |a Encuadernación particular | ||
| 561 | |a Ex libris de Instituto de Literatura Puente Grande, Jal. | ||
| 561 | |a Ex libris de Bibl. Iunioratus Dom. Prob. S. Ioseph | ||
| 562 | |a Falta cubierta | ||
| 649 | |a XX | ||
| 650 | |a Hombres | ||
| 650 | |a Mujeres | ||
| 650 | |a Masturbación | ||
| 650 | |a Impotencia | ||
| 650 | |a Pecado | ||
| 650 | |a Abstinencia Sexual | ||
| 650 | |a Virginidad | ||
| 650 | |a Castidad | ||
| 650 | |a Soltería | ||
| 650 | |a Roles de Género | ||
| 650 | |a Género | ||
| 650 | |a Etica Sexual | ||
| 650 | |a Fisiología Humana | ||
| 650 | |a Sexualidad y Religión - |x Tema Principal | ||
| 650 | |a Teología | ||
| 910 | |a Fondo General | ||
| 920 | |a Impresos - Libros | ||
| 930 | |a Libros Antiguos y Raros | ||
| 905 | |a 108 | ||
| 901 | |a 0500275685 |b IT2 |c LRA |u 20250526 | ||
| 902 | |a https://opac.biblio.iteso.mx/vufind/Record/000380819 | ||